|
|
|
|
| LEADER |
00000nam a2200000 4500 |
| 008 |
150828b2011 c ||||| |||| 00| | spa d |
| 020 |
|
|
|a 9789968463010
|
| 090 |
|
|
|a 01.01.06
|b 2268
|
| 100 |
1 |
|
|9 949
|a Stockmann, Reinhard
|e Editor
|
| 245 |
1 |
2 |
|a Manual de evaluación: una guía práctica de procedimientos /
|c Reinhard Stockmann (editor)
|
| 260 |
|
|
|a San José, Costa Rica :
|b Editorial Universidad de Costa Rica,
|c 2011
|
| 300 |
|
|
|a 435 páginas
|
| 650 |
1 |
4 |
|9 950
|a EVALUACIÓN DE PROYECTOS
|
| 650 |
1 |
4 |
|9 285
|a METODOLOGÍA
|
| 650 |
1 |
4 |
|9 290
|a INVESTIGACIÓN SOCIAL
|
| 942 |
|
|
|i 004049
|h 01.01.06 2268
|2 z
|c 01
|
| 999 |
|
|
|c 2841
|d 2841
|